000 00425nam a2200181Ia 4500
001 14113
005 20260306164850.0
008 260306t2018||||xx |||||||||||||| ||spa||
041 _aESP
082 _a006.6773
_bA143
100 _aAkenine-Möller, Tomas,
_eAUT
245 0 _aReal-time rendering
260 _c2018
300 _a1178 páginas :
_c24 cm.
650 _aGEN
654 _aCCC
942 _cLIB
_dJUS
_fJUS
_2ddc
_n
999 _c14113
_d14113